00309nam a22001217a 450000500170000000800410001704100130005808200120007110000120008324500380009530000290013365000250016220240805073921.0240805b |||||||| |||| 00| 0 eng d aEnglish  a349 SOU lEnglish aSouth African Law Reports: Natal  bxx, 478 pages; c25 cm.  aLegal practice bLaw